Analýza slovenského reklamného trhu od roku 1997
Analýza slovenského reklamného trhu v rokoch 1997-2001. Hľadisko geografickej štruktúry reklamných agentúr a výšky ich obratu v jednotlivých rokoch. Desať najvýznamnejších zadávateľov reklamy podľa výšky ich výdavkov na reklamu. Okrem výdavkov na reklamu, sleduje aj na ktoré prostriedky reklamnej ko...
Guardado en:
| Autor principal: | |
|---|---|
| Formato: | Capítulo de libro |
| Lenguaje: | eslovaco |
| Materias: | |
| Etiquetas: |
Sin Etiquetas, Sea el primero en etiquetar este registro!
|
MARC
| LEADER | 00000naa$a2200000$$$4500 | ||
|---|---|---|---|
| 001 | 0023964 | ||
| 005 | 20221128113041.8 | ||
| 041 | 0 | |a slo | |
| 044 | |a SK | ||
| 245 | 1 | 0 | |a Analýza slovenského reklamného trhu od roku 1997 |c Ivana Hroncová |
| 520 | |a Analýza slovenského reklamného trhu v rokoch 1997-2001. Hľadisko geografickej štruktúry reklamných agentúr a výšky ich obratu v jednotlivých rokoch. Desať najvýznamnejších zadávateľov reklamy podľa výšky ich výdavkov na reklamu. Okrem výdavkov na reklamu, sleduje aj na ktoré prostriedky reklamnej komunikácie boli výdavky určené. | ||
| 610 | 2 | 0 | |a trh reklamný |
| 610 | 2 | 0 | |a reklama |
| 610 | 2 | 0 | |a analýzy |
| 610 | 2 | 0 | |a výdavky |
| 610 | 2 | 0 | |a agentúry |
| 610 | 2 | 0 | |a obrat peňažný |
| 610 | 2 | 0 | |a 1997-2001 |
| 100 | 1 | |a Hroncová, Ivana | |